RASHTRA NIYAMATHINTE IRAKAL (Record no. 25030)

MARC details
000 -LEADER
fixed length control field 00358nam a2200133Ia 4500
005 - DATE AND TIME OF LATEST TRANSACTION
control field 20250409181601.0
008 - FIXED-LENGTH DATA ELEMENTS--GENERAL INFORMATION
fixed length control field 250409s9999||||xx |||||||||||||| ||und||
100 ## - MAIN ENTRY--PERSONAL NAME
Personal name THOPPIL SHAJAHAN
245 #0 - TITLE STATEMENT
Title RASHTRA NIYAMATHINTE IRAKAL
260 ## - PUBLICATION, DISTRIBUTION, ETC.
Name of publisher, distributor, etc. MYTHRI BOOKS
Place of publication, distribution, etc. THIRUVANANTHAPURAM
300 ## - PHYSICAL DESCRIPTION
Extent 82.P
650 ## - SUBJECT ADDED ENTRY--TOPICAL TERM
Form subdivision Political Science
Topical term or geographic name entry element POLITICAL SCIENCE
942 ## - ADDED ENTRY ELEMENTS (KOHA)
Koha item type BOOK
Holdings
Withdrawn status Lost status Damaged status Not for loan Collection Home library Current library Shelving location Date acquired Total checkouts Full call number Barcode Date last seen Price effective from Koha item type
        Political Science St.Dominics College Library St.Dominics College Library General Stack 04/09/2025   329 SHA 33890 09/01/2025 04/09/2025 BOOK